| 000 | 00836cam a2200217 a 4500 | ||
|---|---|---|---|
| 001 | 000018489 | ||
| 005 | 20200929165819.0 | ||
| 008 | 910617s1946 sp 000 0 spa d | ||
| 040 |
_aDO-SdBNP _bspa _cLC _dBNPHU |
||
| 050 | 0 | 0 | _a4PQ Sp 214 |
| 082 |
_ann* _bC317l |
||
| 100 | 1 |
_aCarrillo y Sotomayor, Luis, _d1583 (ca.)-1610. _939998 |
|
| 245 | 0 | 0 |
_aLibro de la erudición poética / _cDon Luis Carrillo y Sotomayor ; edición Manuel Cardenal Iracheta. |
| 260 |
_aMadrid : _bConsejo Superior de Investigac, _c1946. _bInstituto Nicolas Antonio,. |
||
| 300 |
_a138 p. ; _c18 cm. |
||
| 490 | 1 |
_aBiblioteca de Antiguos Libros Hispánicos _pA, _vv. VI |
|
| 700 | 1 |
_aCardenal Iracheta, Manuel, _eed. _939999 |
|
| 830 | 0 |
_aBiblioteca de Antiguos Libros Hispánicos : _pA ; _vv. VI _940000 |
|
| 910 | _aCatalogación derivada / LC | ||
| 049 | _aBNGR | ||
| 999 |
_c18009 _d18009 |
||